| 000 | 00804nas a2200277 4500 | ||
|---|---|---|---|
| 001 | BR9902031 | ||
| 003 | BR-BrBNA | ||
| 005 | 20231205101352.0 | ||
| 007 | ta | ||
| 008 | 230509b bl.|||p| |||| 00| 00por d | ||
| 040 |
_aBR-BrBNA _bpor _cBiblioteca Nacional de Agricultura |
||
| 041 | _a(Pt) | ||
| 072 | _aL72 | ||
| 100 | 1 | _aThomaz-Soccol, V. | |
| 100 | 1 | _aMoraes, F.R. | |
| 100 | 1 | _aCastro, E.A. | |
| 100 | 1 | _aOliveira, V.P. | |
| 245 | 1 | _aTratamento da verminose gastrintestinal canina: comparacao da eficacia de tres formulacoes | |
| 650 | _aCao | ||
| 650 | _aGato | ||
| 650 | _aVerminose | ||
| 650 | _aHigiene | ||
| 773 | 0 |
_tHora Veterinaria (Brazil) _xISSN 0101-9163 _g(Mar-Apr 1999), v. 18(108) p. 73-76 _wBR9902031 |
|
| 909 |
_a202311 _bLúcia _c55 _dLúcia Elande |
||
| 942 |
_2AGRIS _n0 _cANA |
||
| 999 |
_c161415 _d161415 |
||